Normal view MARC view

Entry Personal Name

Number of records used in: 1

001 - CONTROL NUMBER

  • control field: 961

003 - CONTROL NUMBER IDENTIFIER

  • control field: OSt

005 - DATE AND TIME OF LATEST TRANSACTION

  • control field: 20250611115120.0

008 - FIXED-LENGTH DATA ELEMENTS

  • fixed length control field: 250611|| aca||aabn | a|a d

040 ## - CATALOGING SOURCE

  • Original cataloging agency: OSt
  • Transcribing agency: OSt

100 ## - HEADING--PERSONAL NAME

  • Personal name: Mandvi Rathore

670 ## - SOURCE DATA FOUND

  • Source citation: Work cat.: (OSt)18783: Mandvi Rathore, Immediate effect of shashankasana maintance for half- an hour on energy levels, stress and anxiety levelon- females., 2022

Powered by Koha